000 00708nam a2200205Ia 4500
005 20241129111012.0
008 241129s9999||||xx |||||||||||||| ||und||
037 _aTB
040 _aCRL
_bpun
_cCRL
041 _apun
_2pun
084 _aR3xM18x 153R0
_qCRL
100 _aਵਿਨੋਦ ਕੁਮਾਰ, ਚ।
245 0 _aਵਿਚਾਰਧਾਰਾ, ਵਿਚਾਰਧਾਰਕ ਚੇਤਨਾ ਅਤੇ ਆਲਥੂਸੇਅ
_cਵਿਨੋਦ ਕੁਮਾਰ, ਚ।
260 _aਪਟਿਆਲਾ, ਭਾਰਤ
_bਅੱਟਮ ਆਰਟ
_c2020
300 _a140ਪ੍ਰ0
365 _aINR
_b195
650 _aPhilosophy
942 _cTB
_hR3xM18x 153R0
999 _c1228484
_d1228484